| 000 | 01229nam a22003497a 4500 | ||
|---|---|---|---|
| 003 | CHAP | ||
| 005 | 20220329135837.0 | ||
| 008 | 971013s1993 r 00010 d | ||
| 010 | _a43146 | ||
| 011 | _a44118 | ||
| 035 | _a48256 | ||
| 040 | _cCHAP | ||
| 082 |
_a581.19296 _bB3 |
||
| 100 | 0 | 0 |
_aBattey. N. H. _eed. _910832 |
| 245 | _aPost-translational modifications in plants | ||
| 260 |
_aLondon : _bCambridge University Press, _c1993 |
||
| 300 | _a310 p. | ||
| 490 | _aSociety for Experimental Biology. Seminar series, 53 | ||
| 590 |
_aBATCH-UPD _b10 _c20130110 _lUCH01 _h1611 |
||
| 590 |
_aBATCH-UPD _b10 _c20130410 _lUCH01 _h1007 |
||
| 590 |
_aBATCH-UPD _b10 _c20130914 _lUCH01 _h0615 |
||
| 590 |
_aCONVERSION _b10 _c20130109 _lUCH01 _h1324 |
||
| 650 | 1 | 4 |
_aPlantas _xMetabolismo. _988858 |
| 650 | 1 | 4 |
_aProteĆnas vegetales. _992460 |
| 700 | 0 |
_aDickinson, H. G. _932473 |
|
| 700 | 0 |
_aHetherington, A. M. _955073 |
|
| 830 | 0 |
_aSociety for Experimental Biology. Seminar series, 53 _9108162 |
|
| 901 | _aBK | ||
| 942 | _cLIBRO | ||
| 949 |
_a581.19296 B3 _bBC _cLIBRO _d33724000008686 _eLIBRO _gI.176606 _h88115 _i48256 _si _t285.28 |
||
| 949 |
_a581.19296 B3 _bBC _cLIBRO _d33724000008694 _eLIBRO _fc.2 _gI.176587 _h88116 _i48256 _si _t287.16 |
||
| 999 |
_c43146 _d43146 |
||